000 00403nam a2200133 4500
999 _c130832
_d130832
005 20230523110114.0
008 230523b ||||| |||| 00| 0 eng d
040 _cPK-LaUMT
082 _a348.5491026
_bYEA-
245 _aYearly law reporter [YLR, 2022, Vol.XXIV] /
_cedited by Muhammad Wahaj Azhar and Kashif Mir Zubair
260 _aLahore :
_bPLD Publishers,
_c2022
300 _a4 vols.
942 _cBK